[Event "32. Torneo Internacional La Roda "]
[Site "La Roda ESP"]
[Date "2005.03.26"]
[Round "6"]
[White "Janev, Evgeni"]
[Black "Del Rio Angelis, Salvador Gabriel"]
[Result "1-0"]
[WhiteElo "2441"]
[BlackElo "2502"]
[PlyCount "79"]
[EventDate "2005.03.23"]
[EventType "swiss"]
[EventRounds "9"]
[EventCountry "ESP"]
[Source "lmi"]
[SourceDate "2005.03.27"]

1. e4 c5 2. Nf3 d6 3. d4 Nf6 4. Nc3 cxd4 5. Nxd4 Nc6 6. f3 e6 7. Be3 Be7 8. Qd2
a6 9. O-O-O O-O 10. g4 Nxd4 11. Bxd4 b5 12. g5 Nd7 13. Rg1 b4 14. Ne2 Ne5 15.
Rg3 Qa5 16. Kb1 Nc4 17. Qe1 e5 18. Nc1 Be6 19. Bxc4 Bxc4 20. Be3 Be6 21. f4
exf4 22. Bxf4 Rac8 23. Nb3 Bxb3 24. Rxb3 Qc5 25. Qe2 f6 26. Rbd3 fxg5 27. Bxd6
Bxd6 28. Rxd6 Rf2 29. Rd8+ Rxd8 30. Rxd8+ Rf8 31. Rd1 Rf2 32. Qd3 h5 33. h3 Kh8
34. Re1 Rg2 35. Qd1 g4 36. e5 gxh3 37. e6 Qe7 38. Qxh5+ Kg8 39. Qxh3 Qg5 40.
Qxg2 1-0

[Event "32. Torneo Internacional La Roda "]
[Site "La Roda ESP"]
[Date "2005.03.26"]
[Round "6"]
[White "Javakhishvili, Lela"]
[Black "Vitor, Antonio"]
[Result "1-0"]
[WhiteElo "2456"]
[BlackElo "2343"]
[PlyCount "101"]
[EventDate "2005.03.23"]
[EventType "swiss"]
[EventRounds "9"]
[EventCountry "ESP"]
[Source "lmi"]
[SourceDate "2005.03.27"]

1. d4 g6 2. c4 Bg7 3. e4 c5 4. d5 d6 5. Nc3 Nf6 6. Bd3 O-O 7. h3 e5 8. g4 a6 9.
a3 Ne8 10. Nf3 Nc7 11. b4 b6 12. bxc5 bxc5 13. Qc2 Nd7 14. Rb1 Ra7 15. Bd2 Nf6
16. Nh2 h5 17. Bg5 Qd7 18. f3 Nh7 19. Be3 Bf6 20. Nf1 h4 21. Nd2 Bg5 22. Bf2 f6
23. Nb3 Qg7 24. Na5 Ne8 25. Nc6 Rc7 26. Rb8 Bd7 27. Rb6 Bc8 28. Ke2 Qh6 29. Nd8
f5 30. Ne6 Bxe6 31. dxe6 fxg4 32. hxg4 h3 33. Qd1 Ng7 34. Rxd6 Nh5 35. gxh5
Qxh5 36. Ke1 Rb7 37. f4 Qxd1+ 38. Nxd1 Bxf4 39. Rxh3 Ng5 40. Rh1 Nf3+ 41. Ke2
Nd4+ 42. Bxd4 exd4 43. Rxa6 Kg7 44. Bc2 Be5 45. Rc6 d3+ 46. Bxd3 Bd4 47. Bc2
Rf4 48. Ra6 Re7 49. Rf1 Rxf1 50. Kxf1 Kf6 51. Ba4 1-0

[Event "32. Torneo Internacional La Roda "]
[Site "La Roda ESP"]
[Date "2005.03.26"]
[Round "6"]
[White "Korneev, Oleg"]
[Black "Fernandez Gil, Marco Antonio"]
[Result "1-0"]
[WhiteElo "2602"]
[BlackElo "2264"]
[PlyCount "61"]
[EventDate "2005.03.23"]
[EventType "swiss"]
[EventRounds "9"]
[EventCountry "ESP"]
[Source "lmi"]
[SourceDate "2005.03.27"]

1. e4 c5 2. Nf3 d6 3. d4 cxd4 4. Nxd4 Nf6 5. Nc3 e6 6. Be3 a6 7. f3 Nc6 8. Qd2
Qc7 9. O-O-O Ne5 10. g4 b5 11. g5 Nfd7 12. f4 Nc4 13. Bxc4 Qxc4 14. Qd3 Bb7 15.
Qxc4 bxc4 16. Nde2 f5 17. Nd4 Nc5 18. exf5 Bxh1 19. Rxh1 Kf7 20. fxe6+ Nxe6 21.
f5 Nxd4 22. Bxd4 d5 23. h4 Bb4 24. Nxd5 Rad8 25. g6+ hxg6 26. fxg6+ Kg8 27.
Nxb4 Rxd4 28. h5 Rd6 29. Re1 Kf8 30. Re5 a5 31. Nd5 1-0

[Event "32. Torneo Internacional La Roda "]
[Site "La Roda ESP"]
[Date "2005.03.26"]
[Round "6"]
[White "Llobel Cortell, Enrique"]
[Black "Larino Nieto, David"]
[Result "1/2-1/2"]
[WhiteElo "2416"]
[BlackElo "2315"]
[PlyCount "93"]
[EventDate "2005.03.23"]
[EventType "swiss"]
[EventRounds "9"]
[EventCountry "ESP"]
[Source "lmi"]
[SourceDate "2005.03.27"]

1. d4 e6 2. Nf3 d5 3. c4 c5 4. cxd5 exd5 5. Nc3 Nc6 6. g3 Nf6 7. Bg2 Be7 8. O-O
O-O 9. Bg5 cxd4 10. Nxd4 h6 11. Be3 Bg4 12. Qa4 Ne5 13. Rad1 Nc4 14. Bc1 Nb6
15. Qb5 a6 16. Qd3 Qd7 17. b3 Rfe8 18. Bb2 Bc5 19. Rc1 Bh3 20. Rfd1 Re5 21. Bh1
Ng4 22. e3 Qe7 23. Re1 Re8 24. Nd1 Nd7 25. Re2 Bb6 26. Nf5 Qg5 27. Nd6 R8e6 28.
Nxb7 Rf5 29. Rc8+ Kh7 30. Bxd5 Nde5 31. Qc2 Rg6 32. Re8 Nxh2 33. Bxe5 Qh5 34.
Kxh2 Bf1+ 35. Kg1 Bxe2 36. Qc8 Re6 37. Bxe6 Rxe5 38. Rh8+ Kg6 39. Bxf7+ Kxf7
40. Nd6+ Kg6 41. Qc2+ Kf6 42. Ne4+ Kf7 43. Nd6+ Kf6 44. Ne4+ Kf7 45. Nd6+ Kf6
46. Ne4+ Kf7 47. Nd6+ 1/2-1/2

[Event "32. Torneo Internacional La Roda "]
[Site "La Roda ESP"]
[Date "2005.03.26"]
[Round "6"]
[White "Martin Blanco, Fernando"]
[Black "Barria, Daniel"]
[Result "0-1"]
[WhiteElo "2093"]
[BlackElo "2349"]
[PlyCount "58"]
[EventDate "2005.03.23"]
[EventType "swiss"]
[EventRounds "9"]
[EventCountry "ESP"]
[Source "lmi"]
[SourceDate "2005.03.27"]

1. e4 c5 2. c3 d5 3. exd5 Qxd5 4. d4 Nf6 5. Nf3 Bg4 6. Be2 e6 7. h3 Bh5 8. O-O
Nc6 9. Be3 cxd4 10. cxd4 Bb4 11. a3 Ba5 12. g4 Bg6 13. b4 Bb6 14. Nc3 Qd6 15.
b5 Ne7 16. Ne5 Ned5 17. Nxd5 Nxd5 18. Qb3 Nxe3 19. fxe3 f6 20. Bf3 fxe5 21.
Bxb7 Rb8 22. Bc6+ Ke7 23. d5 Rhf8 24. dxe6 Rxf1+ 25. Rxf1 Rf8 26. Rd1 Bxe3+ 27.
Kh1 Bd4 28. a4 Qxe6 29. Bd5 Be4+ 0-1

[Event "32. Torneo Internacional La Roda "]
[Site "La Roda ESP"]
[Date "2005.03.26"]
[Round "6"]
[White "Matnadze, Ana"]
[Black "Saldano, Horacio"]
[Result "1/2-1/2"]
[WhiteElo "2376"]
[BlackElo "2482"]
[PlyCount "34"]
[EventDate "2005.03.23"]
[EventType "swiss"]
[EventRounds "9"]
[EventCountry "ESP"]
[Source "lmi"]
[SourceDate "2005.03.27"]

1. d4 Nf6 2. e3 g6 3. g3 Bg7 4. Bg2 O-O 5. Ne2 d6 6. O-O e5 7. Nd2 Nc6 8. b3
exd4 9. exd4 Bg4 10. Bb2 Re8 11. Nf3 Qd7 12. Nf4 Nh5 13. Nxh5 Bxh5 14. Qd3 Bg4
15. c3 Re7 16. Rfe1 Rae8 17. Qd2 Rxe1+ 1/2-1/2

[Event "32. Torneo Internacional La Roda "]
[Site "La Roda ESP"]
[Date "2005.03.26"]
[Round "6"]
[White "Minzer, Claudio Javier"]
[Black "Kolev, Atanas"]
[Result "1/2-1/2"]
[WhiteElo "2423"]
[BlackElo "2524"]
[PlyCount "79"]
[EventDate "2005.03.23"]
[EventType "swiss"]
[EventRounds "9"]
[EventCountry "ESP"]
[Source "lmi"]
[SourceDate "2005.03.27"]

1. d4 Nf6 2. c4 e6 3. Nc3 Bb4 4. e3 O-O 5. Nge2 d5 6. a3 Be7 7. Nf4 c6 8. Bd3
dxc4 9. Bxc4 Nbd7 10. Nd3 Qc7 11. O-O e5 12. dxe5 Nxe5 13. Nxe5 Qxe5 14. Qd4
Qxd4 15. exd4 Rd8 16. Be3 Be6 17. Bxe6 fxe6 18. Rfd1 Rd7 19. Kf1 Rad8 20. Ke2
Bd6 21. h3 Bc7 22. Rd3 Bb6 23. Rad1 h6 24. R1d2 Kf7 25. Rd1 Nd5 26. Ne4 Nc7 27.
Nc3 Nd5 28. Ne4 a5 29. R1d2 Ke7 30. Rd1 a4 31. R1d2 Ra8 32. Rc2 Ra5 33. Rc4 Rd8
34. Rd2 Rda8 35. Rdc2 Rb5 36. Bc1 Rb3 37. g3 Rb5 38. Bd2 Rb3 39. Bc1 Rb5 40.
Bd2 1/2-1/2

[Event "32. Torneo Internacional La Roda "]
[Site "La Roda ESP"]
[Date "2005.03.26"]
[Round "6"]
[White "Mirzoev, Azer"]
[Black "Ibarra Jerez, Jose Carlos"]
[Result "1-0"]
[WhiteElo "2529"]
[BlackElo "2434"]
[PlyCount "61"]
[EventDate "2005.03.23"]
[EventType "swiss"]
[EventRounds "9"]
[EventCountry "ESP"]
[Source "lmi"]
[SourceDate "2005.03.27"]

1. d4 Nf6 2. Nf3 g6 3. g3 Bg7 4. Bg2 O-O 5. O-O d6 6. b3 c5 7. Bb2 cxd4 8. Nxd4
d5 9. c4 Na6 10. Na3 Nc7 11. cxd5 Nfxd5 12. Nc4 f5 13. Rc1 Qd7 14. Nf3 Bxb2 15.
Nxb2 Rd8 16. Qd2 Qe8 17. Rfd1 Bd7 18. Nd3 Bb5 19. Nde5 e6 20. a4 Ba6 21. Nd4
Qe7 22. e4 fxe4 23. Bxe4 Rac8 24. h4 Nb4 25. Qh6 Ncd5 26. Rxc8 Rxc8 27. Bxg6
Rf8 28. Be4 Nf6 29. Re1 Nxe4 30. Rxe4 Qf6 31. Rg4+ 1-0

[Event "32. Torneo Internacional La Roda "]
[Site "La Roda ESP"]
[Date "2005.03.26"]
[Round "6"]
[White "Sanchez Botella, Luis Javier"]
[Black "Garcia Fernandez, Carlos"]
[Result "1/2-1/2"]
[WhiteElo "2105"]
[BlackElo "2356"]
[PlyCount "121"]
[EventDate "2005.03.23"]
[EventType "swiss"]
[EventRounds "9"]
[EventCountry "ESP"]
[Source "lmi"]
[SourceDate "2005.03.27"]

1. d4 d6 2. Nf3 Nd7 3. e4 e5 4. c3 Ngf6 5. Bd3 g6 6. O-O Bg7 7. Nbd2 O-O 8. Re1
h6 9. Nf1 Re8 10. h3 b6 11. Qc2 Bb7 12. a4 a6 13. Ng3 c6 14. dxe5 dxe5 15. Be3
Qc7 16. Rad1 Bf8 17. Nh2 Nc5 18. Ng4 Nxg4 19. hxg4 Nxd3 20. Rxd3 Rad8 21. Red1
b5 22. c4 Rxd3 23. Rxd3 bxc4 24. Qxc4 Rd8 25. Qc3 Rxd3 26. Qxd3 Bc8 27. f3 Qa5
28. Qc2 c5 29. Nf1 Be6 30. Bd2 Qb6 31. a5 Qb5 32. Bc3 c4 33. Qd2 Kh7 34. Ne3
Be7 35. Nd5 Bg5 36. Qd1 Qc5+ 37. Kh1 Qf2 38. Bxe5 Bxd5 39. exd5 Qh4+ 40. Bh2
Bf4 41. Qg1 Bg3 42. f4 Kg8 43. d6 Kf8 44. d7 Bxh2 45. Qxh2 Qe1+ 46. Qg1 Qh4+
47. Qh2 Qxh2+ 48. Kxh2 Ke7 49. d8=Q+ Kxd8 50. Kg3 Ke7 51. Kf3 Kd6 52. Ke4 Kc5
53. Ke5 Kb4 54. Kd4 f5 55. gxf5 gxf5 56. Kd5 Kb5 57. g3 h5 58. Kd4 Kb4 59. Kd5
Kb5 60. Kd4 Kb4 61. Kd5 1/2-1/2

[Event "32. Torneo Internacional La Roda "]
[Site "La Roda ESP"]
[Date "2005.03.26"]
[Round "6"]
[White "Svetushkin, Dmitry"]
[Black "Strikovic, Aleksa"]
[Result "0-1"]
[WhiteElo "2530"]
[BlackElo "2458"]
[PlyCount "66"]
[EventDate "2005.03.23"]
[EventType "swiss"]
[EventRounds "9"]
[EventCountry "ESP"]
[Source "lmi"]
[SourceDate "2005.03.27"]

1. d4 d6 2. e4 Nf6 3. f3 Nbd7 4. c4 e5 5. d5 Be7 6. Nc3 Nh5 7. Be3 g6 8. Qd2 f5
9. exf5 gxf5 10. Bd3 O-O 11. Nge2 a5 12. O-O-O e4 13. fxe4 f4 14. Bf2 Ne5 15.
Nd4 c5 16. dxc6 bxc6 17. Nf3 Nf6 18. Be2 Nfg4 19. Nxe5 Nxe5 20. c5 Be6 21. cxd6
Bg5 22. h4 Bh6 23. g4 a4 24. g5 Bg7 25. h5 a3 26. b3 f3 27. Bf1 Ng4 28. Bg3 Rb8
29. h6 Bh8 30. e5 Rb4 31. g6 Bxe5 32. Bxe5 Nxe5 33. gxh7+ Kh8 0-1

[Event "32. Torneo Internacional La Roda "]
[Site "La Roda ESP"]
[Date "2005.03.26"]
[Round "6"]
[White "Valmana Canto, Jaime"]
[Black "San Emeterio Cabanes, Jose Luis"]
[Result "1/2-1/2"]
[WhiteElo "2189"]
[BlackElo "2401"]
[PlyCount "61"]
[EventDate "2005.03.23"]
[EventType "swiss"]
[EventRounds "9"]
[EventCountry "ESP"]
[Source "lmi"]
[SourceDate "2005.03.27"]

1. e4 c5 2. Nf3 Nc6 3. d4 cxd4 4. Nxd4 Nf6 5. Nc3 e5 6. Ndb5 d6 7. Bg5 a6 8.
Na3 b5 9. Bxf6 gxf6 10. Nd5 Bg7 11. g3 Ne7 12. Bg2 Nxd5 13. Qxd5 Be6 14. Qc6+
Ke7 15. Qb7+ Qd7 16. Qxd7+ Kxd7 17. c3 Rab8 18. Nc2 f5 19. exf5 Bxf5 20. Ne3
Be6 21. O-O Rhc8 22. Be4 b4 23. c4 Bxc4 24. Nxc4 Rxc4 25. Bxh7 e4 26. b3 Rc5
27. Rad1 f5 28. g4 fxg4 29. Bxe4 Rh8 30. f3 Rg5 31. Rd5 1/2-1/2

[Event "32. Torneo Internacional La Roda "]
[Site "La Roda ESP"]
[Date "2005.03.26"]
[Round "7"]
[White "Baron Rodriguez, Jesus"]
[Black "Antoli Royo, Joaquin Miguel"]
[Result "1/2-1/2"]
[WhiteElo "2422"]
[BlackElo "2238"]
[PlyCount "43"]
[EventDate "2005.03.23"]
[EventType "swiss"]
[EventRounds "9"]
[EventCountry "ESP"]
[Source "lmi"]
[SourceDate "2005.03.27"]

1. d4 Nf6 2. Nf3 c5 3. e3 b6 4. Bd3 Bb7 5. O-O e6 6. c4 d6 7. a3 Nbd7 8. Nc3
Be7 9. b4 O-O 10. Bb2 Rc8 11. Qe2 d5 12. dxc5 dxc4 13. Bxc4 bxc5 14. b5 Qc7 15.
Nd2 Rcd8 16. Rfd1 Ne5 17. f4 Ng6 18. Nf3 Rxd1+ 19. Rxd1 Ne8 20. Nb1 Bf6 21.
Bxf6 Nxf6 22. Qd2 1/2-1/2

[Event "32. Torneo Internacional La Roda "]
[Site "La Roda ESP"]
[Date "2005.03.26"]
[Round "7"]
[White "Del Rio Angelis, Salvador Gabriel"]
[Black "Sande Edreira, Jose Antonio"]
[Result "1/2-1/2"]
[WhiteElo "2502"]
[BlackElo "2303"]
[PlyCount "98"]
[EventDate "2005.03.23"]
[EventType "swiss"]
[EventRounds "9"]
[EventCountry "ESP"]
[Source "lmi"]
[SourceDate "2005.03.27"]

1. e4 c5 2. Nf3 g6 3. d4 cxd4 4. Nxd4 Bg7 5. Nc3 Nc6 6. Nb3 Nf6 7. Be2 O-O 8.
O-O b6 9. Bg5 Bb7 10. f4 d6 11. Bf3 Na5 12. Nxa5 bxa5 13. Kh1 Qc7 14. Re1 Rfd8
15. Nd5 Bxd5 16. exd5 Rdc8 17. c3 Rab8 18. Re2 Rb7 19. Rc1 h6 20. Bh4 Qc4 21.
Bg3 a4 22. a3 Rc5 23. Rcc2 Rcb5 24. Rcd2 Qa2 25. h3 Rxb2 26. Rxb2 Rxb2 27. Rxb2
Qxb2 28. Qxa4 Qxc3 29. Qxa7 Nh5 30. Kh2 Nxg3 31. Kxg3 Bf6 32. Qb8+ Kg7 33. Qb4
Qe3 34. Qe4 Qc3 35. Kh2 Qc1 36. g3 Qd2+ 37. Qe2 Qc1 38. Qd1 Qb2+ 39. Qe2 Qc3
40. h4 h5 41. Kg2 Qxa3 42. Qd2 Qa1 43. Qd1 Qxd1 44. Bxd1 Bd4 45. g4 hxg4 46.
Bxg4 Kf8 47. Kf3 e6 48. dxe6 fxe6 49. h5 gxh5 1/2-1/2

[Event "32. Torneo Internacional La Roda "]
[Site "La Roda ESP"]
[Date "2005.03.26"]
[Round "7"]
[White "Janev, Evgeni"]
[Black "De La Villa Garcia, Jesus Maria"]
[Result "1/2-1/2"]
[WhiteElo "2441"]
[BlackElo "2470"]
[PlyCount "48"]
[EventDate "2005.03.23"]
[EventType "swiss"]
[EventRounds "9"]
[EventCountry "ESP"]
[Source "lmi"]
[SourceDate "2005.03.27"]

1. e4 c5 2. Nf3 Nf6 3. e5 Nd5 4. b3 d6 5. Bb2 Nc6 6. Bb5 Bd7 7. exd6 e6 8. Nc3
Nxc3 9. dxc3 Qb8 10. Qe2 Qxd6 11. c4 O-O-O 12. Rd1 Qc7 13. O-O f6 14. a3 e5 15.
Rd5 Be7 16. Rfd1 Be6 17. Qe4 Bxd5 18. cxd5 Nd4 19. Nxd4 exd4 20. Qg4+ Kb8 21.
Qxg7 Bd6 22. Qh6 Bf4 23. Qh5 a6 24. Bc4 Qe5 1/2-1/2

[Event "32. Torneo Internacional La Roda "]
[Site "La Roda ESP"]
[Date "2005.03.26"]
[Round "7"]
[White "Ramirez Diaz, Jose Ramon"]
[Black "Llobel Cortell, Enrique"]
[Result "0-1"]
[WhiteElo "2062"]
[BlackElo "2416"]
[PlyCount "80"]
[EventDate "2005.03.23"]
[EventType "swiss"]
[EventRounds "9"]
[EventCountry "ESP"]
[Source "lmi"]
[SourceDate "2005.03.27"]

1. e4 c5 2. Nf3 d6 3. d4 Nf6 4. Nc3 cxd4 5. Nxd4 Nc6 6. Be3 Ng4 7. Nxc6 bxc6 8.
Bc1 Qb6 9. Qd2 g6 10. Bc4 Bh6 11. f4 O-O 12. h3 Nf6 13. Qd3 Rd8 14. Bb3 Ba6 15.
Qf3 d5 16. e5 Nd7 17. Be3 Nxe5 18. Qf2 Qc7 19. Qh4 Bg7 20. O-O-O Nd7 21. g4 e5
22. fxe5 Nxe5 23. Qf2 Re8 24. Rdg1 Qd7 25. Na4 Bb7 26. Nc5 Qd6 27. h4 Qf6 28.
Qxf6 Bxf6 29. Rh3 Re7 30. Kd2 Rae8 31. h5 d4 32. Bxd4 Nf3+ 33. Rxf3 Bxd4 34.
hxg6 hxg6 35. Rh1 Bxc5 36. c3 Bd6 37. Rf6 Be5 38. Rxg6+ Bg7 39. Rh5 Re2+ 40.
Kd1 Re1+ 0-1

[Event "32. Torneo Internacional La Roda "]
[Site "La Roda ESP"]
[Date "2005.03.26"]
[Round "7"]
[White "Spasov, Vasil"]
[Black "Matnadze, Ana"]
[Result "1-0"]
[WhiteElo "2543"]
[BlackElo "2376"]
[PlyCount "65"]
[EventDate "2005.03.23"]
[EventType "swiss"]
[EventRounds "9"]
[EventCountry "ESP"]
[Source "lmi"]
[SourceDate "2005.03.27"]

1. e4 c6 2. d4 g6 3. Nf3 d5 4. e5 Bg4 5. Nbd2 e6 6. h3 Bxf3 7. Nxf3 h5 8. Bd3
Ne7 9. Bg5 Nd7 10. Qd2 Bg7 11. O-O c5 12. c3 Qb6 13. Rac1 Nc6 14. Be3 Qc7 15.
b4 c4 16. Bc2 a5 17. b5 Ne7 18. a4 Nf5 19. Bg5 Nb6 20. Qf4 Bf8 21. g4 Ng7 22.
Kg2 Nd7 23. Rce1 b6 24. Nh4 Be7 25. Bxg6 fxg6 26. Bxe7 Nf8 27. Bd6 Qd8 28. Qf6
hxg4 29. hxg4 Ra7 30. Rh1 Rf7 31. Qxd8+ Kxd8 32. Nf3 Rg8 33. Ng5 1-0

[Event "32. Torneo Internacional La Roda "]
[Site "La Roda ESP"]
[Date "2005.03.26"]
[Round "7"]
[White "Spassov, Liuben"]
[Black "Kolev, Atanas"]
[Result "1/2-1/2"]
[WhiteElo "2382"]
[BlackElo "2524"]
[PlyCount "57"]
[EventDate "2005.03.23"]
[EventType "swiss"]
[EventRounds "9"]
[EventCountry "ESP"]
[Source "lmi"]
[SourceDate "2005.03.27"]

1. d4 Nf6 2. c4 e6 3. Nf3 d5 4. Nc3 dxc4 5. e3 a6 6. Bxc4 c5 7. O-O b5 8. Be2
Bb7 9. b3 Nbd7 10. Bb2 Qb8 11. Rc1 h5 12. a4 Ng4 13. Re1 cxd4 14. exd4 b4 15.
Nb1 Bd6 16. h3 Bf4 17. Rc2 Be4 18. Bd3 Bd5 19. Bc4 Ngf6 20. Nbd2 Qb7 21. Bxd5
Qxd5 22. Nc4 O-O 23. Qe2 Rfd8 24. Nfe5 a5 25. g3 Bh6 26. h4 g6 27. Qd3 Bg7 28.
Qe2 Bh6 29. Qf3 1/2-1/2

[Event "32. Torneo Internacional La Roda "]
[Site "La Roda ESP"]
[Date "2005.03.26"]
[Round "7"]
[White "Strikovic, Aleksa"]
[Black "Mirzoev, Azer"]
[Result "1-0"]
[WhiteElo "2458"]
[BlackElo "2529"]
[PlyCount "73"]
[EventDate "2005.03.23"]
[EventType "swiss"]
[EventRounds "9"]
[EventCountry "ESP"]
[Source "lmi"]
[SourceDate "2005.03.27"]

1. e4 e5 2. Nf3 Nf6 3. Nxe5 d6 4. Nf3 Nxe4 5. Bd3 Nf6 6. h3 Be7 7. O-O O-O 8.
c3 Nbd7 9. Bc2 Re8 10. d4 Nf8 11. Nbd2 c6 12. Re1 Ng6 13. Nf1 Bf8 14. Rxe8 Qxe8
15. Ng3 Be6 16. Bg5 Qd8 17. h4 Be7 18. h5 Nf8 19. h6 g6 20. Qd2 Bd5 21. Nh2 Ne6
22. Be3 Nd7 23. b3 b5 24. Bd3 Nc7 25. c4 bxc4 26. bxc4 Be6 27. Rc1 Bf8 28. Ne2
Nb6 29. Nf3 Qe7 30. Ng5 Re8 31. Ne4 f6 32. Bf4 d5 33. Nd6 dxc4 34. Nxe8 Nxe8
35. Bb1 g5 36. Bb8 Bxh6 37. Re1 1-0

[Event "32. Torneo Internacional La Roda "]
[Site "La Roda ESP"]
[Date "2005.03.26"]
[Round "7"]
[White "Suba, Mihai"]
[Black "Granero Roca, Antonio"]
[Result "1-0"]
[WhiteElo "2529"]
[BlackElo "2348"]
[PlyCount "77"]
[EventDate "2005.03.23"]
[EventType "swiss"]
[EventRounds "9"]
[EventCountry "ESP"]
[Source "lmi"]
[SourceDate "2005.03.27"]

1. e4 c5 2. Nf3 e6 3. Nc3 a6 4. g3 d6 5. d4 cxd4 6. Nxd4 Nc6 7. Bg2 Be7 8. O-O
Qc7 9. Re1 Nf6 10. Nxc6 bxc6 11. e5 dxe5 12. Rxe5 O-O 13. Re1 Rd8 14. Qe2 Bb7
15. Bf4 Qb6 16. Na4 Qb5 17. b3 Qxe2 18. Rxe2 Nd5 19. Be5 f6 20. Bb2 Kf7 21.
Rae1 Nc7 22. f4 Bf8 23. Kf1 Bb4 24. c3 Bf8 25. c4 g6 26. Bc3 a5 27. Rc1 Ba3 28.
Rcc2 Rd1+ 29. Kf2 Na6 30. Rcd2 Rxd2 31. Rxd2 Ke7 32. g4 Nc5 33. g5 Nxa4 34.
Bxf6+ Ke8 35. bxa4 Rc8 36. Bh3 Be7 37. Bxe6 Rc7 38. Rd3 Bxf6 39. gxf6 1-0

[Event "32. Torneo Internacional La Roda "]
[Site "La Roda ESP"]
[Date "2005.03.26"]
[Round "7"]
[White "Vaya Gomez, Alejandro"]
[Black "Javakhishvili, Lela"]
[Result "0-1"]
[WhiteElo "2140"]
[BlackElo "2456"]
[PlyCount "96"]
[EventDate "2005.03.23"]
[EventType "swiss"]
[EventRounds "9"]
[EventCountry "ESP"]
[Source "lmi"]
[SourceDate "2005.03.27"]

1. c4 Nf6 2. Nc3 e6 3. g3 d5 4. Bg2 d4 5. Ne4 Be7 6. Nxf6+ Bxf6 7. d3 c5 8. Nf3
Nc6 9. a3 a5 10. b3 O-O 11. O-O e5 12. Rb1 Bf5 13. Ne1 Re8 14. e4 dxe3 15. fxe3
Bg6 16. Bd5 e4 17. Ng2 exd3 18. Nf4 d2 19. Bxd2 Bxb1 20. Qxb1 Ne7 21. Qd3 Nxd5
22. Nxd5 Ra6 23. a4 Rae6 24. Kg2 b6 25. h3 Kh8 26. Rf3 Rd6 27. Be1 Qd7 28. g4
Be5 29. Qf5 Qxf5 30. Rxf5 f6 31. Kf2 Kg8 32. Bd2 Kf7 33. Ke2 Red8 34. e4 Re6
35. Kd3 Rde8 36. Rf2 Bb8 37. Re2 h5 38. Bf4 Bxf4 39. Nxf4 Rd6+ 40. Nd5 hxg4 41.
hxg4 Rh8 42. Re3 Rh4 43. Rg3 Kg6 44. Ke3 Kg5 45. Kf3 Rd8 46. Rg2 Rh3+ 47. Rg3
Rxg3+ 48. Kxg3 Rh8 0-1

[Event "32. Torneo Internacional La Roda "]
[Site "La Roda ESP"]
[Date "2005.03.27"]
[Round "8"]
[White "Antoli Royo, Joaquin Miguel"]
[Black "Garcia Fernandez, Carlos"]
[Result "1-0"]
[WhiteElo "2238"]
[BlackElo "2356"]
[PlyCount "51"]
[EventDate "2005.03.23"]
[EventType "swiss"]
[EventRounds "9"]
[EventCountry "ESP"]
[Source "lmi"]
[SourceDate "2005.03.27"]

1. e4 d6 2. Nc3 Nf6 3. f4 d5 4. e5 d4 5. Nce2 Nd5 6. Nxd4 Nxf4 7. Ngf3 c5 8.
Nb3 Ne6 9. Bc4 Nc6 10. O-O b6 11. c3 Qc7 12. d4 cxd4 13. Bd5 Ba6 14. Nbxd4
Ncxd4 15. Bxa8 Be2 16. Qe1 Nxf3+ 17. Bxf3 Bxf1 18. Qxf1 Qxe5 19. Bd2 Qc5+ 20.
Kh1 f6 21. b4 Qd6 22. Qb5+ Kf7 23. Bd5 Kg6 24. Qe8+ Kf5 25. Rf1+ Ke5 26. c4 1-0

[Event "32. Torneo Internacional La Roda "]
[Site "La Roda ESP"]
[Date "2005.03.27"]
[Round "8"]
[White "Belezky, Sasha"]
[Black "Hernandez Montalvo, Ivan"]
[Result "1-0"]
[WhiteElo "2399"]
[BlackElo "2298"]
[PlyCount "63"]
[EventDate "2005.03.23"]
[EventType "swiss"]
[EventRounds "9"]
[EventCountry "ESP"]
[Source "lmi"]
[SourceDate "2005.03.27"]

1. e4 e6 2. d3 d5 3. Nd2 c5 4. Ngf3 Nc6 5. g3 Nf6 6. Bg2 Be7 7. O-O O-O 8. e5
Nd7 9. Re1 b5 10. Nf1 b4 11. h4 a5 12. Bf4 a4 13. a3 bxa3 14. bxa3 Ba6 15. N1h2
Rb8 16. Ng5 Nd4 17. Ra2 Rb6 18. c3 Nb5 19. Bd2 Qc7 20. c4 dxc4 21. dxc4 Nd4 22.
Ba5 Bxc4 23. Rd2 Qa7 24. Bxb6 Nxb6 25. Be4 h6 26. Qh5 Nf5 27. Ng4 hxg5 28. Bxf5
exf5 29. Nf6+ gxf6 30. hxg5 fxg5 31. f3 Qa5 32. Red1 1-0

[Event "32. Torneo Internacional La Roda "]
[Site "La Roda ESP"]
[Date "2005.03.27"]
[Round "8"]
[White "Guerrero Olmos, Sergio"]
[Black "Vitor, Antonio"]
[Result "1/2-1/2"]
[WhiteElo "2222"]
[BlackElo "2343"]
[PlyCount "101"]
[EventDate "2005.03.23"]
[EventType "swiss"]
[EventRounds "9"]
[EventCountry "ESP"]
[Source "lmi"]
[SourceDate "2005.03.27"]

1. e4 g6 2. Nc3 Bg7 3. h4 h5 4. d4 c6 5. Bc4 d5 6. exd5 b5 7. Bb3 b4 8. Nce2
cxd5 9. a3 bxa3 10. Rxa3 Nf6 11. Bg5 Nc6 12. Nf4 e6 13. Nge2 Ne7 14. Ba4+ Bd7
15. c3 Ne4 16. Bxe7 Qxe7 17. Bxd7+ Qxd7 18. Qa4 Bf8 19. Qxd7+ Kxd7 20. Ra6 Bd6
21. Nd3 Rhc8 22. f3 Nf6 23. Kd2 Rc6 24. Rha1 Rxa6 25. Rxa6 Ne8 26. Ne5+ Bxe5
27. dxe5 Kc7 28. g4 Kd7 29. Ng3 hxg4 30. fxg4 Nc7 31. Ra4 a6 32. Ke3 Rb8 33. b4
Rh8 34. h5 gxh5 35. gxh5 Ke7 36. Ra5 f6 37. Rc5 Ne8 38. c4 dxc4 39. exf6+ Kxf6
40. Rxc4 Nd6 41. Rc6 Nf5+ 42. Nxf5 Kxf5 43. Rxa6 Rxh5 44. Ra8 e5 45. Rf8+ Ke6
46. Re8+ Kd7 47. Rg8 Rh4 48. Rg6 Rxb4 49. Kd3 Ke7 50. Ke3 Rf4 51. Ra6 1/2-1/2

[Event "32. Torneo Internacional La Roda "]
[Site "La Roda ESP"]
[Date "2005.03.27"]
[Round "8"]
[White "Kononenko, Tatiana"]
[Black "Cano Sanchez, Josue"]
[Result "0-1"]
[WhiteElo "2374"]
[BlackElo "2242"]
[PlyCount "78"]
[EventDate "2005.03.23"]
[EventType "swiss"]
[EventRounds "9"]
[EventCountry "ESP"]
[Source "lmi"]
[SourceDate "2005.03.27"]

1. d4 c6 2. c4 Nf6 3. Nc3 d5 4. e3 Bf5 5. cxd5 cxd5 6. Qb3 Bc8 7. Nf3 e6 8. Ne5
Nfd7 9. Nxd7 Qxd7 10. Bd3 Nc6 11. O-O Bd6 12. Bd2 Qe7 13. Rac1 O-O 14. Ne2 Bd7
15. e4 dxe4 16. Bxe4 Bxh2+ 17. Kxh2 Qh4+ 18. Kg1 Qxe4 19. Be3 b6 20. Nc3 Qf5
21. Qb5 Qg6 22. Qe2 Ne7 23. Rfd1 Bc6 24. f3 Rfd8 25. Bf2 Rd7 26. Rd2 h6 27. b4
Qf5 28. a4 Rad8 29. Rcd1 Bd5 30. Rc1 Rc8 31. Rdc2 Bb3 32. Rb2 Bxa4 33. g4 Qf4
34. Rbb1 Rdc7 35. Qd3 Nd5 36. Be1 Nxc3 37. Rxc3 Rxc3 38. Bxc3 Qg3+ 39. Kh1 Bc2
0-1